| 000 | 00871nam a2200253Ia 4500 | ||
|---|---|---|---|
| 003 | GCL | ||
| 008 | 140319s9999 xx 000 0 ara d | ||
| 040 |
_aGCL / _cGCL |
||
| 082 | 0 | 4 |
_aق _b953.0736 _bم ع |
| 100 | 1 | _aمحمد احمد زيود | |
| 245 | 1 | 0 |
_aالعلاقات بين الشام ومصر فى العهدين الطولونى والاخشيدى / _cمحمد احمد زيود |
| 260 |
_a[S.N] : _bدار حسان للطباعة والنشر ، _c1989 |
||
| 300 | _a391 ص | ||
| 490 | _a | ||
| 650 | 0 | 4 | _aمصر |
| 650 | 0 | 4 | _aالاحوال الاجتماعية |
| 650 | 0 | 4 | _aالاحوال السياسية |
| 650 | 0 | 4 | _aالعلاقات الخارجية |
| 650 | 0 | 4 | _aالدولة الاخشيدية |
| 650 | 0 | 4 | _aبلاد الشام |
| 650 | 0 | 4 | _aالحياة الدينية |
| 650 | 0 | 4 | _aالدولة الطولونية |
| 942 |
_2ddc _cBK |
||
| 999 |
_c58749 _d58749 |
||